| 000 | 00980nam a22002775a 4500 | ||
|---|---|---|---|
| 003 | OSt | ||
| 005 | 20160830113539.0 | ||
| 008 | 160830s2010 ua frb 000 0 ara d | ||
| 015 | _a2009/20606 | ||
| 020 | _a9789774102119 | ||
| 040 |
_aEG-ScBUE _bara _cEG-ScBUE |
||
| 043 | _af-ua--- | ||
| 082 | 0 | 4 |
_a346.6202 _bز ق ر _222 |
| 100 | 1 |
_aزقرد، أحمد السعيد. _940963 |
|
| 245 | 1 | 0 |
_aعقد البيع / _cأحمد السعيد الزقرد. |
| 250 | _aط. 1. | ||
| 260 |
_aالقاهرة : _bالمكتبة العصرية للنشر والتوزيع، _c2010. |
||
| 300 |
_a292 ص. ؛ _c24 سم. |
||
| 504 | _aيشتمل على إرجاعات ببليوجرافية. | ||
| 650 | 7 |
_aعقود البيع _xقوانين وتشريعات _zمصر. _2BUEsh _940965 |
|
| 650 | 7 |
_aالعقود (قانون مدنى) _zمصر. _2BUEsh _940832 |
|
| 650 | 7 |
_aالالتزامات _zمصر. _2BUEsh _940936 |
|
| 651 | _2BUEsh | ||
| 653 |
_bLLAAWW _cAugust 2016 |
||
| 942 | _2ddc | ||
| 999 |
_c22278 _d22250 |
||